00000000nam 2200000zi 4500
0019.946771
003CaOODSP
00520250124083958
006m     o  d f      
007cr mn|||||||||
008250113t20252025quc     ob   f000 0 fre d
020 |a9780660752099
040 |aCaOODSP|bfre|erda|cCaOODSP
043 |an-cn---
0861 |aEn14-495/7-2025F-PDF
24500|aLétalité aiguë.
250 |a[Édition 2025].
264 1|a[Gatineau, Québec] : |bEnvironnement et changement climatique Canada = Environment and Climate Change Canada, |c[2025]
264 4|c©2025
300 |a1 ressource en ligne (4 pages)
336 |atexte|btxt|2rdacontent/fre
337 |ainformatique|bc|2rdamedia/fre
338 |aressource en ligne|bcr|2rdacarrier/fre
500 |aPublié aussi en anglais sous le titre : Acute lethality.
500 |aEn tête du titre : L'effluenceur, vol. 7.
500 |a« EC24117 » -- Page 4.
504 |aComprend des références bibliographiques.
650 6|aEaux usées|xQualité|zCanada|xEssais.
650 6|aToxicité aiguë|zCanada.
650 6|aÉgouts|xDroit|zCanada.
650 6|aEaux usées|xÉvacuation dans les cours d'eau, lacs, etc.|xDroit|zCanada.
650 6|aEaux usées|xÉvacuation dans la mer|xDroit|zCanada.
7101 |aCanada. |bEnvironnement et changement climatique Canada, |eorganisme de publication.
77508|tAcute lethality.|w(CaOODSP)9.946770
795 |tLétalité aiguë.|b(2024)|w(CaOODSP)9.937520
85640|qPDF|s564 Ko|uhttps://publications.gc.ca/collections/collection_2025/eccc/En14-495-7-2025-fra.pdf
986 |aEC24117